00278pam a2200121 a 4500020000500000041000500005082001500010100002300025245006000048250001000108260002100118300001700139 c h a741.2bBAR aBarrington Barber. aThe Fundamentals of Drawing with DVDhTextual Documents a2015. a[s.l]:bArcturus a208:bPaper.